=LDR 00000nam 2200000 4500 =001 INLIS000000000009981 =005 20130612101729 =008 ***********************************Ind** =035 ##$$0010-061300000009981 =041 ##$$a Ind =082 ##$$a 028.5 =090 ##$$a 028.5, Haw k =100 ##$$a Hawkes, Nigel =245 ##$$a Ke antariksa, Negel Hawkes =260 ##$$a 1997 $b Jakarta =300 ##$$a 32 hlm, ilus, 29 cm =650 ##$$a Bacaan anak-anak =850 ##$$a NBPNMAT